00313nam a2200109Ia 4500008004100000020002200041041001200063100004200075245003300117260003200150650002100182231221s9999 xx 000 0 und d a978-0-387-30260-7 aEnglish aFrançois E. Cellier, Ernesto Kofman 0aContinuous System Simulation c2006bSpringer USaNew York aComputer Science